<?xml version="1.0" encoding="UTF-8"?><?xml-stylesheet type="text/xsl" href="static/style.xsl"?><OAI-PMH xmlns="http://www.openarchives.org/OAI/2.0/" xmlns:xsi="http://www.w3.org/2001/XMLSchema-instance" xsi:schemaLocation="http://www.openarchives.org/OAI/2.0/ http://www.openarchives.org/OAI/2.0/OAI-PMH.xsd"><responseDate>2026-06-01T04:20:29Z</responseDate><request verb="GetRecord" identifier="oai:riuma.uma.es:10630/25607" metadataPrefix="marc">https://riuma.uma.es/rest/oai/request</request><GetRecord><record><header><identifier>oai:riuma.uma.es:10630/25607</identifier><datestamp>2026-02-03T12:05:29Z</datestamp><setSpec>com_10630_2254</setSpec><setSpec>col_10630_37959</setSpec></header><metadata><record xmlns="http://www.loc.gov/MARC21/slim" xmlns:dcterms="http://purl.org/dc/terms/" xmlns:doc="http://www.lyncode.com/xoai" xmlns:xsi="http://www.w3.org/2001/XMLSchema-instance" xsi:schemaLocation="http://www.loc.gov/MARC21/slim http://www.loc.gov/standards/marcxml/schema/MARC21slim.xsd">
   <leader>00925njm 22002777a 4500</leader>
   <datafield ind2=" " ind1=" " tag="042">
      <subfield code="a">dc</subfield>
   </datafield>
   <datafield ind2=" " ind1=" " tag="720">
      <subfield code="a">León-Gómez, Ana María</subfield>
      <subfield code="e">author</subfield>
   </datafield>
   <datafield ind2=" " ind1=" " tag="720">
      <subfield code="a">López-Marfil, Lidia</subfield>
      <subfield code="e">author</subfield>
   </datafield>
   <datafield ind2=" " ind1=" " tag="260">
      <subfield code="c">2022</subfield>
   </datafield>
   <datafield ind2=" " ind1=" " tag="520">
      <subfield code="a">En el sector turístico sostenible, la educación se ha convertido en un aspecto central para para abordar los desafíos ambientales, sociales y económicos que supone su desarrollo. Así, la educación juega un papel central en la configuración del cambio social hacia la sostenibilidad, ya que tiene como principal objetivo formar personas capacitadas con los valores y habilidades necesarios en sostenibilidad para trabajar en el sector turístico. El objetivo de este trabajo es proporcionar un marco teórico conceptual basado en el estudio del conocimiento y las actitudes de los estudiantes universitarios hacia el desarrollo turístico sostenible. La atención se centró en la Costa del Sol donde el turismo es uno de los principales sectores de la economía española, y el desarrollo sostenible de este sector se considera como un importante factor estratégico en un entorno crecientemente competitivo. Este estudio constituye un análisis descriptivo con un enfoque mixto. Con este fin, se diseñó una encuesta que fue respondida por 172 alumnos de la Universidad de Turismo de Málaga. Los resultados obtenidos manifiestan que la mayoría de los estudiantes universitarios tienen en consideración la importancia del desarrollo sostenible en el sector turístico. Sin embargo, poseen un conocimiento muy limitado de los principios sostenibles y los aspectos técnicos relacionados con el desarrollo turístico sostenible. Los resultados proporcionan una evidencia definitiva para el desarrollo sostenible del sector turístico, al demostrar la necesidad actual de que los profesionales de la enseñanza en turismo mejoren la formación en materia de sostenibilidad de los estudiantes, enfatizando una visión global sostenible y los vínculos entre todos los aspectos de la sostenibilidad. Asimismo, este estudio destaca la necesidad de mejorar el sentido de confianza y empoderamiento de los estudiantes universitarios para contribuir al desarrollo turístico sostenible en la Costa del Sol.</subfield>
   </datafield>
   <datafield ind1="8" ind2=" " tag="024">
      <subfield code="a">León-Gómez, A. and López Marfil, L. (7-12 de noviembre de 2022). "Análisis de los conocimientos sobre sostenibilidad que poseen los estudiantes universitarios de turismo". “IV Congreso Internacional de Innovación  Docente e Investigación en Educación Superior: Retos de la actualización en la enseñanza de las áreas de conocimiento. Madrid, España</subfield>
   </datafield>
   <datafield ind1="8" ind2=" " tag="024">
      <subfield code="a">https://hdl.handle.net/10630/25607</subfield>
   </datafield>
   <datafield tag="653" ind2=" " ind1=" ">
      <subfield code="a">Turismo</subfield>
   </datafield>
   <datafield tag="653" ind2=" " ind1=" ">
      <subfield code="a">Enseñanza superior - Investigación</subfield>
   </datafield>
   <datafield ind2="0" ind1="0" tag="245">
      <subfield code="a">Análisis de los conocimientos sobre sostenibilidad que poseen los estudiantes universitarios de turismo</subfield>
   </datafield>
</record>
</metadata></record></GetRecord></OAI-PMH>